Normal view
MARC view
- FRICTIONAL OF TYRE AND PAVEMENT
Entry Topical Term
001 - CONTROL NUMBER
- control field: 62208
003 - CONTROL NUMBER IDENTIFIER
- control field: NUST
005 - DATE AND TIME OF LATEST TRANSACTION
- control field: 20210628202908.0
008 - FIXED-LENGTH DATA ELEMENTS
- fixed length control field: 210628|| aca||aabn | a|a d
040 ## - CATALOGING SOURCE
- Original cataloging agency: NUST
- Transcribing agency: NUST
150 ## - HEADING--TOPICAL TERM
- Topical term or geographic name entry element: FRICTIONAL OF TYRE AND PAVEMENT
670 ## - SOURCE DATA FOUND
- Source citation: Work cat.: (NUST): Meyer, W.E 62207, Frictional interaction of tire and pavement, 1983
